[Event "Stay Safe Play From Home 297"]
[Site "Emanuel Lasker Arena"]
[Date "2020.07.12"]
[Round "3"]
[White "Oliverfab"]
[Black "Tvtower68"]
[Result "1-0"]
[WhiteElo "1869"]
[BlackElo "1821"]
[Annotator "NA RC"]
[PlyCount "85"]
[EventDate "2020.07.12"]
[EventType "swiss (blitz)"]
[WhiteTeam "SV Laatzen"]

{Fábregas, Oliver (1915)} 1. e4 {[%emt 0:00:04]} Nf6 {[%emt 0:00:01]} 2. d3 {[%emt 0:00:03]} Nc6 {[%emt 0:00:04]} 3. Nf3 {[%emt 0:00:03]} e5 {[%emt 0:00:02]} 4. g3 {[%emt 0:00:01]} g6 {[%emt 0:00:04]} 5. Bg2 {[%emt 0:00:01]} Bg7 {[%emt 0:00:01]} 6. O-O {[%emt 0:00:02]} h6 {[%emt 0:00:00]} 7. c3 {[%emt 0:00:01]} O-O {[%emt 0:00:02]} 8. h3 {[%emt 0:00:01]} Re8 {[%emt 0:00:02]} 9. Be3 {[%emt 0:00:01]} d5 {[%emt 0:00:01]} 10. exd5 {[%emt 0:00:15]} Nxd5 {[%emt 0:00:01]} 11. Bc1 {[%emt 0:00:02]} Bf5 {[%emt 0:00:06]} 12. Nh4 {[%emt 0:00:03]} Be6 {[%emt 0:00:04]} 13. Nd2 {[%emt 0:00:06]} Nf6 {[%emt 0:00:16]} 14. Qc2 {[%emt 0:00:08]} g5 {[%emt 0:00:10]} 15. Nhf3 {[%emt 0:00:02]} Bf5 {[%emt 0:00:01]} 16. Ne4 {[%emt 0:00:02]} Ne7 {[%emt 0:00:22]} 17. Nxe5 {[%emt 0:00:06]} Ned5 {[%emt 0:00:08]} 18. Nc4 {[%emt 0:00:33]} Bg6 {[%emt 0:00:22]} 19. Re1 {[%emt 0:00:06]} Qd7 {[%emt 0:00:17]} 20. Bd2 {[%emt 0:00:12]} Rad8 {[%emt 0:00:03]} 21. Rad1 {[%emt 0:00:02]} Bf5 {[%emt 0:00:06]} 22. Kh2 {[%emt 0:00:09]} b5 {[%emt 0:00:12]} 23. Na3 {[%emt 0:00:07]} a6 {[%emt 0:00:05]} 24. Bc1 {[%emt 0:00:07]} Qc8 {[%emt 0:00:22]} 25. Nc5 {[%emt 0:00:18]} Rxe1 {[%emt 0:00:07]} 26. Rxe1 {[%emt 0:00:02]} Nb6 {[%emt 0:00:09]} 27. Be3 {[%emt 0:00:10]} Nbd5 {[%emt 0:00:22]} 28. Ne4 {[%emt 0:00:12]} Nxe3 {[%emt 0:00:04]} 29. Rxe3 {[%emt 0:00:07]} Nd5 {[%emt 0:00:10]} 30. Re2 {[%emt 0:00:08]} b4 {[%emt 0:00:01]} 31. Nc4 {[%emt 0:00:03]} bxc3 {[%emt 0:00:12]} 32. bxc3 {[%emt 0:00:04]} Nb6 {[%emt 0:00:06]} 33. Na5 {[%emt 0:00:11]} Nd5 {[%emt 0:00:10]} 34. Nc6 {[%emt 0:00:14]} Rd7 {[%emt 0:00:16]} 35. Nc5 {[%emt 0:00:02]} Nxc3 {[%emt 0:00:21]} 36. Ne7+ {[%emt 0:00:02]} Rxe7 {[%emt 0:00:02]} 37. Rxe7 {[%emt 0:00:02]} Nd5 {[%emt 0:00:01]} 38. Bxd5 {[%emt 0:00:03]} Bxh3 {[%emt 0:00:01]} 39. Rxf7 {[%emt 0:00:03]} Kh8 {[%emt 0:00:01]} 40. Qe2 {[%emt 0:00:07]} c6 {[%emt 0:00:01]} 41. Bg2 {[%emt 0:00:03]} Bg4 {[%emt 0:00:01]} 42. Qe7 {[%emt 0:00:04]} Bh5 {[%emt 0:00:01]} 43. Rxg7 {[%emt 0:00:03] Time (Lag: Av=0.31s, max=0.5s)} 1-0

[Event "Stay Safe Play From Home 297"]
[Site "Emanuel Lasker Arena"]
[Date "2020.07.14"]
[Round "3"]
[White "NeatFox"]
[Black "Perca"]
[Result "1-0"]
[WhiteElo "1863"]
[BlackElo "1530"]
[Annotator "NA RC"]
[PlyCount "53"]
[EventDate "2020.07.14"]
[EventType "swiss (blitz)"]

1. g4 {[%emt 0:00:01]} d5 {[%emt 0:00:01]} 2. Bg2 {[%emt 0:00:00]} e6 {[%emt 0:00:00]} 3. c4 {[%emt 0:00:00]} Bd6 {[%emt 0:00:01]} 4. cxd5 {[%emt 0:00:00]} exd5 {[%emt 0:00:01]} 5. Qb3 {[%emt 0:00:01]} c6 {[%emt 0:00:02]} 6. Nc3 {[%emt 0:00:01]} Be6 {[%emt 0:00:01]} 7. Qxb7 {[%emt 0:00:01]} Nd7 {[%emt 0:00:03]} 8. Qxc6 {[%emt 0:00:01]} Ne7 {[%emt 0:00:01]} 9. Qxd6 {[%emt 0:00:01]} O-O {[%emt 0:00:01]} 10. Nxd5 {[%emt 0:00:01]} Bxd5 {[%emt 0:00:04]} 11. Bxd5 {[%emt 0:00:00]} Rc8 {[%emt 0:00:05]} 12. Bb3 {[%emt 0:00:04]} Rc6 {[%emt 0:00:04]} 13. Qf4 {[%emt 0:00:01]} Nc5 {[%emt 0:00:03]} 14. Bc4 {[%emt 0:00:06]} Ng6 {[%emt 0:00:02]} 15. Qf3 {[%emt 0:00:02]} Rf6 {[%emt 0:00:03]} 16. Qg2 {[%emt 0:00:04]} Ne5 {[%emt 0:00:03]} 17. Bb5 {[%emt 0:00:07]} Qa5 {[%emt 0:00:03]} 18. Bc4 {[%emt 0:00:09]} Nxc4 {[%emt 0:00:03]} 19. g5 {[%emt 0:00:05]} Rd6 {[%emt 0:00:02]} 20. Nf3 {[%emt 0:00:02]} Rfd8 {[%emt 0:00:02]} 21. Rg1 {[%emt 0:00:01]} Nxd2 {[%emt 0:00:01]} 22. Bxd2 {[%emt 0:00:01]} Rxd2 {[%emt 0:00:01]} 23. Qg3 {[%emt 0:00:06]} R2d6+ {[%emt 0:00:05]} 24. Kf1 {[%emt 0:00:01]} Ne4 {[%emt 0:00:01]} 25. Qf4 {[%emt 0:00:02]} Nd2+ {[%emt 0:00:01]} 26. Kg2 {[%emt 0:00:01]} Rg6 {[%emt 0:00:04]} 27. h4 {[%emt 0:00:01] Idő (Lag: Av=0.88s, max=1.3s)} 1-0

[Event "Stay Safe Play From Home 297"]
[Site "Emanuel Lasker Arena"]
[Date "2020.07.12"]
[Round "3"]
[White "Buzaglo"]
[Black "sadbat1122"]
[Result "1/2-1/2"]
[WhiteElo "1760"]
[BlackElo "1661"]
[Annotator "NA RC"]
[PlyCount "177"]
[EventDate "2020.07.12"]
[EventType "swiss (blitz)"]

1. d4 {[%emt 0:00:01]} e6 {[%emt 0:00:05]} 2. Nf3 {[%emt 0:00:01]} d5 {[%emt 0:00:02]} 3. g3 {[%emt 0:00:01]} Nf6 {[%emt 0:00:02]} 4. Bg2 {[%emt 0:00:01]} g6 {[%emt 0:00:01]} 5. O-O {[%emt 0:00:01]} Bg7 {[%emt 0:00:01]} 6. Nbd2 {[%emt 0:00:01]} Nbd7 {[%emt 0:00:03]} 7. c4 {[%emt 0:00:01]} c6 {[%emt 0:00:02]} 8. Ne5 {[%emt 0:00:02]} O-O {[%emt 0:00:05]} 9. e4 {[%emt 0:00:03]} dxe4 {[%emt 0:00:04]} 10. Nxe4 {[%emt 0:00:00]} Nxe4 {[%emt 0:00:02]} 11. Bxe4 {[%emt 0:00:03]} Nxe5 {[%emt 0:00:02]} 12. dxe5 {[%emt 0:00:00]} Qxd1 {[%emt 0:00:02]} 13. Rxd1 {[%emt 0:00:00]} Bxe5 {[%emt 0:00:02]} 14. Bh6 {[%emt 0:00:01]} Bg7 {[%emt 0:00:02]} 15. Bf4 {[%emt 0:00:02]} Bxb2 {[%emt 0:00:04]} 16. Rab1 {[%emt 0:00:01]} Bg7 {[%emt 0:00:06]} 17. h4 {[%emt 0:00:01]} e5 {[%emt 0:00:03]} 18. Be3 {[%emt 0:00:04]} Bg4 {[%emt 0:00:04]} 19. f3 {[%emt 0:00:07]} Be6 {[%emt 0:00:03]} 20. Rxb7 {[%emt 0:00:07]} Bxc4 {[%emt 0:00:02]} 21. Bxc6 {[%emt 0:00:02]} Rad8 {[%emt 0:00:04]} 22. Rxd8 {[%emt 0:00:18]} Rxd8 {[%emt 0:00:04]} 23. Rxa7 {[%emt 0:00:02]} Rd1+ {[%emt 0:00:10]} 24. Kf2 {[%emt 0:00:03]} Rd8 {[%emt 0:00:14]} 25. a4 {[%emt 0:00:07]} Rb8 {[%emt 0:00:10]} 26. Ra8 {[%emt 0:00:04]} Rxa8 {[%emt 0:00:02]} 27. Bxa8 {[%emt 0:00:00]} Bf8 {[%emt 0:00:06]} 28. a5 {[%emt 0:00:12]} Bb4 {[%emt 0:00:02]} 29. Bb6 {[%emt 0:00:01]} Ba6 {[%emt 0:00:03]} 30. Bd5 {[%emt 0:00:06]} Kg7 {[%emt 0:00:02]} 31. Ke3 {[%emt 0:00:01]} Be1 {[%emt 0:00:05]} 32. g4 {[%emt 0:00:02]} Bxh4 {[%emt 0:00:04]} 33. Ke4 {[%emt 0:00:01]} f6 {[%emt 0:00:04]} 34. Bc5 {[%emt 0:00:11]} Be1 {[%emt 0:00:04]} 35. Bb6 {[%emt 0:00:02]} h5 {[%emt 0:00:05]} 36. gxh5 {[%emt 0:00:03]} gxh5 {[%emt 0:00:01]} 37. f4 {[%emt 0:00:01]} h4 {[%emt 0:00:10]} 38. fxe5 {[%emt 0:00:02]} fxe5 {[%emt 0:00:02]} 39. Kxe5 {[%emt 0:00:00]} h3 {[%emt 0:00:02]} 40. Kf4 {[%emt 0:00:04]} h2 {[%emt 0:00:02]} 41. Bh1 {[%emt 0:00:03]} Kh6 {[%emt 0:00:05]} 42. Kg4 {[%emt 0:00:04]} Bb7 {[%emt 0:00:04]} 43. Bxb7 {[%emt 0:00:02]} Bxa5 {[%emt 0:00:03]} 44. Bxa5 {[%emt 0:00:06]} h1=Q {[%emt 0:00:02]} 45. Bxh1 {[%emt 0:00:02]} Kg7 {[%emt 0:00:02]} 46. Kg5 {[%emt 0:00:02]} Kf7 {[%emt 0:00:01]} 47. Bb4 {[%emt 0:00:02]} Ke6 {[%emt 0:00:02]} 48. Kf4 {[%emt 0:00:02]} Kd7 {[%emt 0:00:02]} 49. Ke5 {[%emt 0:00:02]} Kc7 {[%emt 0:00:02]} 50. Kd5 {[%emt 0:00:04]} Kd7 {[%emt 0:00:02]} 51. Be4 {[%emt 0:00:02]} Kc7 {[%emt 0:00:02]} 52. Bf5 {[%emt 0:00:03]} Kb6 {[%emt 0:00:02]} 53. Bd7 {[%emt 0:00:03]} Kc7 {[%emt 0:00:02]} 54. Ba4 {[%emt 0:00:03]} Kb6 {[%emt 0:00:02]} 55. Kd6 {[%emt 0:00:05]} Kb7 {[%emt 0:00:02]} 56. Kd7 {[%emt 0:00:07]} Kb6 {[%emt 0:00:02]} 57. Kd6 {[%emt 0:00:01]} Kb7 {[%emt 0:00:02]} 58. Kc5 {[%emt 0:00:05]} Kc7 {[%emt 0:00:02]} 59. Ba5+ {[%emt 0:00:02]} Kb7 {[%emt 0:00:02]} 60. Kb5 {[%emt 0:00:02]} Kc8 {[%emt 0:00:02]} 61. Kc6 {[%emt 0:00:02]} Kb8 {[%emt 0:00:02]} 62. Bb5 {[%emt 0:00:03]} Ka7 {[%emt 0:00:06]} 63. Bb6+ {[%emt 0:00:01]} Kb8 {[%emt 0:00:02]} 64. Bc5 {[%emt 0:00:01]} Kc8 {[%emt 0:00:02]} 65. Be7 {[%emt 0:00:03]} Kb8 {[%emt 0:00:02]} 66. Bd8 {[%emt 0:00:07]} Kc8 {[%emt 0:00:04]} 67. Bb6 {[%emt 0:00:02]} Kb8 {[%emt 0:00:02]} 68. Bc4 {[%emt 0:00:02]} Kc8 {[%emt 0:00:03]} 69. Be6+ {[%emt 0:00:01]} Kb8 {[%emt 0:00:01]} 70. Bd7 {[%emt 0:00:04]} Ka8 {[%emt 0:00:02]} 71. Bc8 {[%emt 0:00:06]} Kb8 {[%emt 0:00:02]} 72. Ba6 {[%emt 0:00:02]} Ka8 {[%emt 0:00:02]} 73. Bc4 {[%emt 0:00:02]} Kb8 {[%emt 0:00:02]} 74. Bd5 {[%emt 0:00:01]} Kc8 {[%emt 0:00:02]} 75. Be6+ {[%emt 0:00:00]} Kb8 {[%emt 0:00:02]} 76. Kb5 {[%emt 0:00:02]} Kb7 {[%emt 0:00:02]} 77. Bd7 {[%emt 0:00:01]} Kb8 {[%emt 0:00:02]} 78. Ka6 {[%emt 0:00:03]} Ka8 {[%emt 0:00:03]} 79. Bc6+ {[%emt 0:00:01]} Kb8 {[%emt 0:00:01]} 80. Bd7 {[%emt 0:00:03]} Ka8 {[%emt 0:00:01]} 81. Kb5 {[%emt 0:00:01]} Kb7 {[%emt 0:00:01]} 82. Bc6+ {[%emt 0:00:03]} Kc8 {[%emt 0:00:01]} 83. Kc5 {[%emt 0:00:01]} Kb8 {[%emt 0:00:02]} 84. Kd6 {[%emt 0:00:01]} Kc8 {[%emt 0:00:02]} 85. Bc5 {[%emt 0:00:04]} Kd8 {[%emt 0:00:02]} 86. Bb6+ {[%emt 0:00:02]} Kc8 {[%emt 0:00:01]} 87. Bd5 {[%emt 0:00:04]} Kb8 {[%emt 0:00:02]} 88. Kc6 {[%emt 0:00:02]} Kc8 {[%emt 0:00:02]} 89. Be6+ {[%emt 0:00:01] (Lag: Av=0.98s, max=1.6s)} 1/2-1/2

[Event "Stay Safe Play From Home 297"]
[Site "Emanuel Lasker Arena"]
[Date "2020.07.14"]
[Round "3"]
[White "TheCHESSHOUSE"]
[Black "SoulofWolf"]
[Result "1-0"]
[WhiteElo "1620"]
[BlackElo "2115"]
[Annotator "TA"]
[PlyCount "103"]
[EventDate "2020.07.14"]
[EventType "swiss (blitz)"]

{[%evp 13,103,19,25,20,27,30,20,18,19,12,11,14,16,0,0,0,0,0,261,0,68,-7,0,0,9,0,13,0,0,-60,16,15,375,362,335,-5,0,-21,45,-28,-22,-22,0,-365,-44,-279,-286,-275,-271,-274,341,338,678,659,704,750,736,708,985,974,1105,902,903,892,29987,29988,29988,29989,29994,29995,29995,29996,29998,29997,29998,29999,29999,29999,29999,29999,29999,29998,29998,29998,29998,29998,29998,29996,29996,29997,29997,29997]} 1. d4 e6 2. c4 d5 3. Nf3 Nf6 4. e3 Bd6 5. b3 c6 6. Nbd2 Nbd7 7. Bb2 O-O 8. Bd3 {D30: Queen's Gambit Declined: Systems without Nc3.} b6 9. O-O Bb7 10. Rc1 {The position is equal.} Rc8 11. Qe2 c5 12. Rfd1 Qe7 {[#]} 13. dxc5 $146 ({Predecessor:} 13. h3 Rfd8 14. cxd5 Nxd5 15. Ba6 N7f6 16. Bxb7 Qxb7 17. Nc4 Be7 18. dxc5 Bxc5 19. Nfe5 {½-½ (31) Nguyen,A (2102)-Pham,C (2344) Ho Chi Minh City 2013}) 13... Nxc5 14. Bb1 Rfd8 15. cxd5 Bxd5 $2 {[%mdl 8192] [#]} (15... Nxd5 $11 {and Black has nothing to worry.} 16. Nc4 Bc7) 16. Nc4 $2 (16. e4 $1 $18) 16... Bxc4 ({Black should try} 16... Bc7 $11) 17. bxc4 (17. Qxc4 $14 Rc7 18. Qe2) 17... Nce4 18. Nd4 a6 19. h3 Bc5 20. f3 Nd6 21. Qf2 (21. Nb3 $11) 21... Rd7 ({Better is} 21... Bxd4 $15 22. Rxd4 e5) 22. Nb3 $11 Rdc7 $2 {[%mdl 8192]} (22... Nb7 $11) 23. Nxc5 $18 Rxc5 24. Bd3 $2 (24. Bxf6 $1 $18 Qxf6 25. Rxd6) 24... R5c6 25. Qe2 Nb7 ({Black should play} 25... h6 $11) 26. Rc2 (26. c5 $14) 26... Nc5 $11 27. Rdc1 Rd8 28. Bd4 $2 {[%mdl 8192]} (28. Rd2 $11 {and White is okay.}) 28... Rcd6 $2 (28... Nxd3 $19 29. Qxd3 e5) 29. Rd2 $2 (29. f4 $15) 29... Nxd3 $19 30. Rxd3 e5 31. c5 R6d7 $4 {[%mdl 8192]} (31... Rd5 $19 {avoids the disaster.} 32. cxb6 exd4) 32. c6 $18 Rc7 $2 (32... exd4 33. cxd7 Nxd7 34. Rxd4 Nc5) 33. Bxb6 {Strongly threatening Rxd8+.} Rxd3 34. Qxd3 Rc8 35. c7 Qf8 36. Qd8 h6 37. Qxf8+ Kxf8 {[%mdl 4096] Endgame KRB-KRN} 38. Rd1 {aiming for Rd8+.} Ke8 39. Rd8+ {[%mdl 64] Double Attack. White mates.} Ke7 40. Rxc8 Kd7 41. Rd8+ Kc6 42. c8=Q+ Kb5 {[#]} 43. Qc7 $1 Nd5 44. Qc5+ {[%mdl 64] Double Attack} Ka4 45. Rxd5 {[%csl Gb6,Gd5][%cal Rc5a5]} a5 46. Qc4+ Ka3 47. Rd3+ {[%mdl 64] Discovered Attack} Kb2 {[#]} 48. Qc3+ $1 Kb1 49. Qd2 e4 {[#]} 50. Qe2 $3 {[%cal Rd3d1]} exd3 51. Qxd3+ Kb2 52. Bd4+ {White used his chance. Accuracy: White = 63%, Black = 41%.} 1-0

[Event "Stay Safe Play From Home 297"]
[Site "Emanuel Lasker Arena"]
[Date "2020.07.12"]
[Round "3"]
[White "Umitkarabulut03"]
[Black "JULIAN16"]
[Result "1-0"]
[WhiteElo "1581"]
[BlackElo "1710"]
[Annotator "NA RC"]
[PlyCount "117"]
[EventDate "2020.07.12"]
[EventType "swiss (blitz)"]

1. d4 {[%emt 0:00:02]} Nf6 {[%emt 0:00:01]} 2. c4 {[%emt 0:00:01]} d6 {[%emt 0:00:05]} 3. Nc3 {[%emt 0:00:01]} g6 {[%emt 0:00:02]} 4. e4 {[%emt 0:00:01]} Bg7 {[%emt 0:00:01]} 5. f3 {[%emt 0:00:02]} c5 {[%emt 0:00:01]} 6. Be3 {[%emt 0:00:02]} cxd4 {[%emt 0:00:02]} 7. Bxd4 {[%emt 0:00:01]} Nc6 {[%emt 0:00:00]} 8. Be3 {[%emt 0:00:04]} Qa5 {[%emt 0:00:03]} 9. Bd3 {[%emt 0:00:14]} Ne5 {[%emt 0:00:12]} 10. Nge2 {[%emt 0:00:09]} Nxd3+ {[%emt 0:00:03]} 11. Qxd3 {[%emt 0:00:02]} Be6 {[%emt 0:00:01]} 12. O-O {[%emt 0:00:08]} Rc8 {[%emt 0:00:01]} 13. b3 {[%emt 0:00:01]} O-O {[%emt 0:00:05]} 14. Rfc1 {[%emt 0:00:02]} a6 {[%emt 0:00:06]} 15. Nd4 {[%emt 0:00:11]} Nh5 {[%emt 0:00:20]} 16. a3 {[%emt 0:00:23]} Bd7 {[%emt 0:00:09]} 17. b4 {[%emt 0:00:02]} Qd8 {[%emt 0:00:03]} 18. Nd5 {[%emt 0:00:09]} Nf6 {[%emt 0:00:05]} 19. c5 {[%emt 0:00:13]} Nxd5 {[%emt 0:00:03]} 20. exd5 {[%emt 0:00:02]} Bb5 {[%emt 0:00:29]} 21. Qe4 {[%emt 0:00:26]} dxc5 {[%emt 0:00:06]} 22. bxc5 {[%emt 0:00:02]} Bd7 {[%emt 0:00:20]} 23. Rab1 {[%emt 0:00:03]} Bxd4 {[%emt 0:00:25]} 24. Qxd4 {[%emt 0:00:08]} Bf5 {[%emt 0:00:03]} 25. Rxb7 {[%emt 0:00:11]} Qa5 {[%emt 0:00:03]} 26. Bh6 {[%emt 0:00:12]} f6 {[%emt 0:00:31]} 27. Bxf8 {[%emt 0:00:03]} Kxf8 {[%emt 0:00:03]} 28. Qe3 {[%emt 0:00:16]} Re8 {[%emt 0:00:21]} 29. c6 {[%emt 0:00:09]} Bc8 {[%emt 0:00:08]} 30. Rb8 {[%emt 0:00:07]} Qxd5 {[%emt 0:00:03]} 31. Re1 {[%emt 0:00:11]} e5 {[%emt 0:00:03]} 32. f4 {[%emt 0:00:09]} Kg7 {[%emt 0:00:12]} 33. fxe5 {[%emt 0:00:07]} Rxe5 {[%emt 0:00:02]} 34. Qa7+ {[%emt 0:00:06]} Kh6 {[%emt 0:00:15]} 35. Rxe5 {[%emt 0:00:08]} Qxe5 {[%emt 0:00:01]} 36. Qf2 {[%emt 0:00:11]} Qxb8 {[%emt 0:00:02]} 37. Qxf6 {[%emt 0:00:04]} Qb6+ {[%emt 0:00:08]} 38. Kf1 {[%emt 0:00:04]} Qb5+ {[%emt 0:00:05]} 39. Kf2 {[%emt 0:00:05]} Qf5+ {[%emt 0:00:02]} 40. Qxf5 {[%emt 0:00:01]} gxf5 {[%emt 0:00:02]} 41. Ke3 {[%emt 0:00:00]} Kg5 {[%emt 0:00:01]} 42. Kd4 {[%emt 0:00:01]} Kf6 {[%emt 0:00:01]} 43. Kc5 {[%emt 0:00:00]} Ke6 {[%emt 0:00:01]} 44. Kb6 {[%emt 0:00:01]} Kd6 {[%emt 0:00:02]} 45. g3 {[%emt 0:00:04]} h5 {[%emt 0:00:02]} 46. Ka5 {[%emt 0:00:02]} Kxc6 {[%emt 0:00:02]} 47. Kb4 {[%emt 0:00:00]} Kd5 {[%emt 0:00:01]} 48. Kc3 {[%emt 0:00:00]} Ke4 {[%emt 0:00:01]} 49. Kb4 {[%emt 0:00:00]} Kf3 {[%emt 0:00:00]} 50. Ka5 {[%emt 0:00:01]} Kf2 {[%emt 0:00:00]} 51. Kb6 {[%emt 0:00:00]} Kg2 {[%emt 0:00:01]} 52. Kc7 {[%emt 0:00:01]} Be6 {[%emt 0:00:02]} 53. Kb6 {[%emt 0:00:01]} Bc4 {[%emt 0:00:00]} 54. Kc5 {[%emt 0:00:01]} Kxh2 {[%emt 0:00:01]} 55. Kxc4 {[%emt 0:00:01]} Kxg3 {[%emt 0:00:00]} 56. Kc5 {[%emt 0:00:00]} h4 {[%emt 0:00:00]} 57. Kb6 {[%emt 0:00:00]} h3 {[%emt 0:00:00]} 58. Kxa6 {[%emt 0:00:00]} h2 {[%emt 0:00:00]} 59. Kb6 {[%emt 0:00:00] (Lag: Av=0.76s, max=1.3s)} 1-0

[Event "Stay Safe Play From Home 297"]
[Site "Emanuel Lasker Arena"]
[Date "2020.07.14"]
[Round "3"]
[White "Klasman"]
[Black "Fischer_11"]
[Result "0-1"]
[WhiteElo "1334"]
[BlackElo "2088"]
[Annotator "NA"]
[PlyCount "56"]
[EventDate "2020.07.14"]
[EventType "swiss (blitz)"]

1. f4 {[%emt 0:00:03]} Nf6 {[%emt 0:00:01]} 2. e3 {[%emt 0:00:01]} g6 {[%emt 0:00:00]} 3. Nf3 {[%emt 0:00:03]} Bg7 {[%emt 0:00:00]} 4. d4 {[%emt 0:00:01]} O-O {[%emt 0:00:00]} 5. c4 {[%emt 0:00:01]} d6 {[%emt 0:00:00]} 6. Nc3 {[%emt 0:00:01]} Nbd7 {[%emt 0:00:00]} 7. e4 {[%emt 0:00:01]} e5 {[%emt 0:00:01]} 8. d5 {[%emt 0:00:02]} exf4 {[%emt 0:00:01]} 9. Bxf4 {[%emt 0:00:02]} Re8 {[%emt 0:00:00]} 10. Bd3 {[%emt 0:00:01]} Nf8 {[%emt 0:00:08]} 11. O-O {[%emt 0:00:01]} Bg4 {[%emt 0:00:06]} 12. Bg5 {[%emt 0:00:03]} h6 {[%emt 0:00:02]} 13. Bh4 {[%emt 0:00:03]} g5 {[%emt 0:00:01]} 14. Bg3 {[%emt 0:00:04]} Bh5 {[%emt 0:00:00]} 15. Qb3 {[%emt 0:00:04]} b6 {[%emt 0:00:02]} 16. Rae1 {[%emt 0:00:03]} Ng4 {[%emt 0:00:02]} 17. h3 {[%emt 0:00:04]} Ne5 {[%emt 0:00:01]} 18. Bxe5 {[%emt 0:00:04]} Bxe5 {[%emt 0:00:00]} 19. Nxe5 {[%emt 0:00:01]} Rxe5 {[%emt 0:00:00]} 20. Rf6 {[%emt 0:00:02]} Qxf6 {[%emt 0:00:02]} 21. Rf1 {[%emt 0:00:01]} Qe7 {[%emt 0:00:02]} 22. Nb5 {[%emt 0:00:01]} a6 {[%emt 0:00:02]} 23. Nc3 {[%emt 0:00:03]} Qd7 {[%emt 0:00:03]} 24. Qc2 {[%emt 0:00:02]} Rae8 {[%emt 0:00:02]} 25. Qf2 {[%emt 0:00:01]} Bg6 {[%emt 0:00:02]} 26. Ne2 {[%emt 0:00:02]} Bxe4 {[%emt 0:00:01]} 27. Bxe4 {[%emt 0:00:03]} Rxe4 {[%emt 0:00:00]} 28. Ng3 {[%emt 0:00:02]} R4e5 {[%emt 0:00:02] Time (Lag: Av=0.29s, max=0.4s)} 0-1

[Event "Stay Safe Play From Home 297"]
[Site "Emanuel Lasker Arena"]
[Date "2020.07.14"]
[Round "4"]
[White "Uber_WING"]
[Black "Little champs"]
[Result "1-0"]
[WhiteElo "2443"]
[BlackElo "2269"]
[Annotator "TA"]
[PlyCount "57"]
[EventDate "2020.07.14"]
[EventType "swiss (blitz)"]

{[%evp 10,56,-22,-18,-6,-41,-28,-65,-67,-75,-75,-69,-81,-79,-41,-29,-35,-39,-51,-75,-16,-79,-52,-105,-106,-105,-102,-125,-111,-193,-184,-194,-180,-208,-145,-262,-157,-279,-282,-274,-280,-264,-264,-352,-248,-326,-326,-399,29999]} 1. e4 c5 2. d4 d6 3. c3 cxd4 4. Nf3 Nf6 5. e5 dxe5 6. Nxe5 e6 {B21: Sicilian: 2 f4 and Morra Gambit.} 7. Bc4 Bd6 {[#]} 8. Nf3 $146 ({Predecessor:} 8. Qxd4 O-O 9. Bg5 Bxe5 10. Qxe5 Nbd7 11. Qg3 Qb6 12. Bb3 Ne4 13. Qe3 Nxg5 14. Qxg5 {1-0 (60) Alvarez Escudero,M (1662)-Camarero Izquierdo,J (1840) Madrid 2019}) 8... dxc3 {Black is slightly better.} 9. Nxc3 O-O 10. O-O a6 11. Qe2 Nc6 12. Rd1 Qc7 13. Bg5 Be7 14. Rac1 b5 (14... h6 $17 15. Bh4 b5 16. Nxb5 axb5 17. Bxb5 Rxa2) 15. Bb3 (15. Nxb5 $11 {keeps the balance.} axb5 16. Bxb5) 15... Bb7 (15... h6 $5 {[%cal Rh6g5]} 16. Bd2 Bb7 $17) 16. Bxf6 (16. Ne4 $15) 16... Bxf6 $17 ({Don't play} 16... gxf6 $6 {[#]} 17. Bxe6 $1 {[%mdl 512]} fxe6 18. Qxe6+ Kh8 19. Rd7 $15) 17. Ne4 Be7 18. h4 Rfd8 19. h5 (19. Neg5 $17 Rxd1+ 20. Qxd1) 19... Rxd1+ $19 20. Rxd1 Rd8 21. Rc1 Qb8 22. h6 (22. Nc5 $17 {keeps fighting.}) 22... g6 (22... Qf4 $19 23. Rd1 Qxh6 24. Rxd8+ Nxd8) 23. Bc2 (23. Nc5 $17 Qf4 24. Qe3 Qxe3 25. fxe3) 23... Nd4 24. Nxd4 Rxd4 25. Ng3 Qd8 26. Bb3 Rd2 27. Qe3 Bg5 ({Worse is} 27... Rxb2 28. Qe5 $11) 28. Qc3 {[%csl Gh6][%cal Rc3g7]} Rd3 $4 {[%mdl 8192] [#]} (28... Bxh6 $19 29. Qc7 Qa8) 29. Qg7# {White used his chance. Accuracy: White = 31%, Black = 59%.} 1-0

[Event "Stay Safe Play From Home 297"]
[Site "Emanuel Lasker Arena"]
[Date "2020.07.12"]
[Round "4"]
[White "Mepe_Nika"]
[Black "Oliverfab"]
[Result "1-0"]
[WhiteElo "2415"]
[BlackElo "1884"]
[Annotator "TA"]
[PlyCount "77"]
[EventDate "2020.07.12"]
[EventType "swiss (blitz)"]
[BlackTeam "SV Laatzen"]

{[%evp 9,77,12,16,22,17,20,24,17,22,19,27,23,22,-22,37,-93,17,3,4,8,16,7,13,0,0,0,0,0,52,0,0,0,25,0,110,108,208,166,252,232,244,241,361,350,339,328,331,316,439,439,527,378,375,359,359,355,413,413,598,597,807,802,29993,29994,29994,29988,29995,29989,29998,29999]} 1. d4 Nf6 2. Bf4 d5 3. e3 e6 4. c4 Bd6 5. Bxd6 cxd6 6. Nc3 {D00: 1 d4 d5: Unusual lines.} dxc4 7. Bxc4 O-O 8. Nf3 {White has an edge.} b6 9. O-O Bb7 10. Qe2 Nbd7 {[#]} 11. e4 $146 ({Predecessor:} 11. Rac1 a6 12. Rfd1 b5 13. Bd3 Qa5 14. Nd2 Rfc8 15. Nb3 Qb6 16. f3 {1-0 (45) Zhou,J (2635)-Xu,Y (2527) Shenzhen 2016}) 11... Rc8 ({Black should try} 11... Nxe4 $11 12. Nxe4 d5) 12. Rfd1 {[#]} (12. Bd3 $14 {stays ahead.}) 12... d5 (12... Nxe4 $1 $17 {[%mdl 512]} 13. Nxe4 Bxe4) 13. exd5 $11 Nxd5 14. Bxd5 Bxd5 15. Nxd5 exd5 16. h3 Re8 17. Qa6 Rc7 18. Rac1 f6 (18... Qc8 $11 19. Qf1 Rc2) 19. a3 (19. Qb5 $14) 19... Nb8 20. Qb5 {Strongly threatening Rxc7.} Ree7 21. Re1 h6 (21... Rxe1+ $11 22. Rxe1 Nc6) 22. Rxc7 $16 {White leaves nothing to chance now.} Qxc7 (22... Rxe1+ $16 23. Nxe1 Qxc7) 23. Qxd5+ Kh8 (23... Kf8 $142 24. Rxe7 Kxe7) 24. Rxe7 $18 Qxe7 25. Qa8 Qd6 (25... Qc7 $142 26. g3 Kg8) 26. Qxa7 Nd7 27. Qa8+ Kh7 28. Qe4+ Kh8 29. Nh4 Nf8 30. Nf5 Qc7 31. g3 {Hoping for Qe8!} Qd7 32. d5 h5 33. d6 Ne6 (33... Kg8 {keeps fighting.} 34. Qd5+ Qe6 35. Ne7+ {[%mdl 64] Discovered Attack} Kf7 36. Qxh5+ g6) 34. Qa8+ Kh7 35. Ne7 {Intending Qg8+ and mate.} Qxd6 36. Qg8+ {White mates.} Kh6 37. Qh8+ Kg5 38. f4+ {[%mdl 64] [#] Overworked Piece} Nxf4 39. Qxg7+ {Accuracy: White = 72%, Black = 38%.} 1-0